[Event "EU-ch blitz"]
[Site "Minsk"]
[Date "2015.12.18"]
[Round "1.8"]
[White "Grigorian, Maksim"]
[Black "Bortnyk, Olexandr"]
[Result "0-1"]
[WhiteElo "1887"]
[BlackElo "2552"]
[PlyCount "33"]
[EventDate "2015.12.18"]
[EventType "swiss (blitz)"]
[EventRounds "22"]
[EventCountry "BLR"]
[SourceTitle "EXT 2017"]
[Source "ChessBase"]
[SourceDate "2016.10.25"]
[SourceVersion "1"]
[SourceVersionDate "2016.10.25"]
[SourceQuality "1"]

1. d4 d6 2. Nf3 Nf6 3. c4 g6 4. Nc3 Bf5 5. Qb3 Qc8 6. h3 Bg7 7. Bf4 0-0 8. e3 Nc6 9. g4 Bd7 10. Bg3 a5 11. Bg2 a4 12. Qd1 Na5 13. Qe2 c5 14. d5 a3 15. b3 Nxg4 16. Rc1 Nxb3 17. Nb1 0-1